书目信息 |
| 题名: |
Scala机器学习
|
|
| 作者: | 卡里姆 著 ;张世勇 , 刘波 译 | |
| 分册: | ||
| 出版信息: | 北京 机械工业出版社 2019.10 |
|
| 页数: | XII, 316页 | |
| 开本: | 24cm | |
| 丛书名: | 机器学习系列 | |
| 单 册: | ||
| 中图分类: | TP312 | |
| 科图分类: | ||
| 主题词: | JAVA语言--JAVA yu yan--程序设计 | |
| 电子资源: | ||
| ISBN: | 978-7-111-63513-0 | |
| 000 | 01687nam 2200313 450 | |
| 001 | 2073614326 | |
| 005 | 20201104202725.84 | |
| 010 | @a978-7-111-63513-0@dCNY99.00 | |
| 099 | @aCAL 012019155993 | |
| 100 | @a20191122d2019 em y0chiy50 ea | |
| 101 | 1 | @achi@cger |
| 102 | @aCN@b110000 | |
| 105 | @aak z 000yy | |
| 200 | 1 | @aScala机器学习@AScala ji qi xue xi@e构建现实世界机器学习和深度学习项目@f(德) 雷祖尔·卡里姆著@g张世勇, 刘波译 |
| 210 | @a北京@c机械工业出版社@d2019.10 | |
| 215 | @aXII, 316页@c图@d24cm | |
| 225 | 2 | @a机器学习系列@Aji qi xue xi xi lie |
| 312 | @a英文题名取自封面 | |
| 330 | @a本书通过“保险赔偿程度分析”“电信客户流失分析与预测”“基于历史和实时数据预测高频比特币价格”“人口规模聚类与民族预测”“主题建模: 更好地洞察大型文本”“开发基于模型的电影推荐引擎”“使用 Q-learning和Scala Play框架进行期权交易”“使用深度神经网络进行银行电话营销的客户订购评估”“使用自动编码器和异常检测进行欺诈分析”“使用递归神经网络识别人类活动”和“使用卷积神经网络进行图像分类”等11个完整的项目, 结合Spark ML、H2O、Zeppelin、DeepLearning4j和MXNet等流行机器学习库以及一些经典数据集为读者介绍了机器学习项目的详细开发流程。 | |
| 410 | 0 | @12001 @a机器学习系列 |
| 510 | 1 | @aScala machine learning projects@ebuild real-world machine learning and deep learning projects with scala@zeng |
| 517 | 1 | @a构建现实世界机器学习和深度学习项目@Agou jian xian shi shi jie ji qi xue xi he shen du xue xi xiang mu |
| 606 | 0 | @aJAVA语言@AJAVA yu yan@x程序设计 |
| 690 | @aTP312@v5 | |
| 701 | 1 | @a卡里姆@Aka li mu@g(Karim, Md. Rezaul)@4著 |
| 702 | 0 | @a张世勇@Azhang shi yong@4译 |
| 702 | 0 | @a刘波@Aliu bo@4译 |
| 801 | 0 | @aCN@b人天书店@c20201002 |
| 905 | @aZUCC@dTP312J@eK064 | |
| Scala机器学习:构建现实世界机器学习和深度学习项目/(德) 雷祖尔·卡里姆著/张世勇, 刘波译.-北京:机械工业出版社,2019.10 |
| XII, 316页:图;24cm.-(机器学习系列) |
| ISBN 978-7-111-63513-0:CNY99.00 |
| 本书通过“保险赔偿程度分析”“电信客户流失分析与预测”“基于历史和实时数据预测高频比特币价格”“人口规模聚类与民族预测”“主题建模: 更好地洞察大型文本”“开发基于模型的电影推荐引擎”“使用 Q-learning和Scala Play框架进行期权交易”“使用深度神经网络进行银行电话营销的客户订购评估”“使用自动编码器和异常检测进行欺诈分析”“使用递归神经网络识别人类活动”和“使用卷积神经网络进行图像分类”等11个完整的项目, 结合Spark ML、H2O、Zeppelin、DeepLearning4j和MXNet等流行机器学习库以及一些经典数据集为读者介绍了机器学习项目的详细开发流程。 |
| ● |
| 相关链接 |
|
|
|
正题名:Scala机器学习
索取号:TP312J/K064
 
预约/预借
| 序号 | 登录号 | 条形码 | 馆藏地/架位号 | 状态 | 备注 |
| 1 | 1478099 | 214780995 | 自科库301/301自科库 55排3列4层/ [索取号:TP312J/K064] | 在馆 | |
| 2 | 1478100 | 214781002 | 自科库301/301自科库 55排3列4层/ [索取号:TP312J/K064] | 在馆 |